The shining trail /

Bibliographic Details
Main Author: Fuller, Iola
Format: Book
Language:English
Published: New York : Duell, Sloan and Pearce, [1943]
Subjects:

MARC

Tag First Indicator Second Indicator Subfields
LEADER 00000cam a2200000 4500
001 in00000032693
005 20151007061836.0
008 751201s1943 nyu 000 1 eng
010 |a  43051208  
035 |a (OCoLC)01867350 
035 |9 AAD3244AM 
040 |a DLC  |c TNH  |d OCL  |d TXA  |d UtOrBLW 
049 |a TXAM  |c [156148] 
050 0 0 |a PZ3.F9583  |b Sh 
090 |a PS3511.U6592  |b S44 1943 
092 |a 813  |b F967s 
100 1 |a Fuller, Iola. 
245 1 4 |a The shining trail /  |c Iola Fuller. 
264 1 |a New York :  |b Duell, Sloan and Pearce,  |c [1943] 
264 4 |c ©1943 
300 |a 4 pages ., 3-442 pages ;  |c 22 cm. 
336 |a text  |b txt  |2 rdacontent 
337 |a unmediated  |b n  |2 rdamedia 
338 |a volume  |b nc  |2 rdacarrier 
500 |a "War edition." 
650 0 |a Black Hawk War, 1832  |x Fiction. 
999 |a MARS 
999 f f |s dc637cf0-d4fb-33bd-8475-d20816bfc6f4  |i f1a4614e-8e86-354a-bb4b-967d2fb1dcfb  |t 0 
952 f f |p ric  |a Texas A&M University  |b Rellis Campus  |c Joint Library Facility  |d Remote Storage  |t 0  |e PS3511.U6592 S44 1943  |h Library of Congress classification  |i unmediated -- volume  |m A14801237916 
998 f f |a PS3511.U6592 S44 1943  |t 0  |l Remote Storage